000 00265nam a22001217a 4500
008 171025b xxu||||| |||| 00| 0 eng d
041 _aeng
080 _a336.2
100 _a55
101 _aTAK
245 _aBUSINESS DATA PROCESSING
_cMURACH, M
942 _2udc
_cBK
999 _c35838
_d35838